Statistics for Eastern European Physical Features Quiz

Click here to take the quiz!

General Stats

  • This quiz has been taken 46 times
    (42 since last reset)
  • The average score is 34 of 130

Answer Stats

Description Answer % Correct
River that goes through four capitalsDanube
81%
Largest islands in GreeceCrete
63%
Major Arctic archipelago that ^ are inSvalbard
63%
Sea north of CreteSea of Crete
63%
Bohemia
59%
Main mtn range in Eastern EuropeCarpathian
56%
Rhodes
56%
Ob
56%
Strait between Copenhagen and MalmoOresund
56%
Four regions of RomaniaTransylvania
52%
Warsaw and Krakow's riverVistula
52%
Sjaelland
52%
Hungary's largest lakeBalaton
52%
Volga
52%
Two main regions in CzechiaMoravia
48%
Zagreb's riverSava
48%
River on much of the Germany-Poland borderOder
44%
Prague's riverVltava
44%
Corfu
44%
^ is a tributary of this riverElbe
44%
Sea between Denmark and SwedenKattegat
44%
Strait between Russia and AlaskaBering
44%
Largest islands in SwedenGotland
44%
Baikal
44%
Russian mtns on the Georgian borderCaucasus
41%
Sea east of CrimeaAzov
41%
Largest islands in CroatiaKrk
41%
Name of Asian RussiaSiberia
41%
Largest lakes in SwedenVanern
41%
Fyn
41%
Mtn range in BulgariaBalkan
37%
Montenegro's mtn rangeDinaric Alps
37%
Main Greek peninsulaPeloponnese
37%
Ladoga
37%
Lena
37%
Euboea
37%
Largest islands in NorwaySpitsbergen
37%
Region near WroclawSilesia
37%
Vattern
37%
Largest island in FinlandAland
33%
Strait between Albania and ItalyOtranto
33%
Sea between Norway and DenmarkSkaggerak
33%
Sea south of VladivostokSea of Japan
33%
Amur
33%
Murmansk's peninsulaKola
33%
Sea south of ^White
33%
Largest lake in EstoniaPeipus
33%
Two main Greek archipelagosCyclades
30%
Largest islands in DenmarkGreenland
30%
Abanian mtn range shared with GreecePindus
30%
Kamchatka
30%
Largest lakes in AlbaniaOhrid
30%
Main bay in MontenegroKotor
30%
Gulf north of RigaGulf of Riga
30%
Archipelago NE of HokkaidoKuril
30%
Hiiumaa
26%
Lesbos
26%
Prespa
26%
Largest islands in RussiaSakhalin
26%
Largest islands in EstoniaSaaremaa
26%
Malaren
26%
Cres
26%
Strait east of CrimeaKerch
26%
Onega
26%
Largest Faroe IslandsStreymoy
26%
Marshes in southern BelarusPinsk
22%
Largest lakes in RussiaCaspian
22%
River at the Poland-Belarus-Ukraine tripointBug
22%
Lolland
22%
Oland
22%
Nordaustlandet
22%
Dodecanese
22%
Largest lakes in FinlandSaimaa
22%
Scutari
22%
Other Russian peninsula'sTaymyr
19%
Sea west of the 2nd and 3rd largest islands in RussiaBarents
19%
Sea east of the 2nd and 3rd largest islands in RussiaKara
19%
Riga's riverDaugava
19%
Ljubljana's riverLjubljanica
19%
Sea NW of ^Chuckchi
19%
Mtn range on Greece-Bulgaria borderRhodope
19%
Cephalonia
19%
River at Greece-Bulgaria-Turkey TripointMaritsa
19%
Moldavia
19%
Bornholm
19%
Strait between Hokkaido and largest island in RussiaLa Perouse
15%
Hvar
15%
Skopje's riverVardar
15%
Bay near Poland-Germany borderPomerianian
15%
Inari
15%
Kos
15%
Neman
15%
Rivers converging in KaunasNeris
15%
Zakynthos
11%
Brac
11%
Kunashir
11%
Pag
11%
Sarajevo's riverMiljacka
11%
Sea west of the aboveLaptev
11%
Lemnos
11%
"Lagoon" shared between Lithuania and KaliningradCourland
11%
Wallachia
11%
Massif in ^Durmitor
11%
Eysturoy
11%
Samos
7%
Korcula
7%
Plain on Poland-Czech Republic borderSudeten
7%
4th-6th Largest island's archipelagoNew Siberian
7%
October Revolution
7%
Vormsi
7%
Yuzhny
7%
Severny
7%
Naxos
7%
Longest rivers in RussiaYenesei
7%
Lefkada
7%
North Jutlandic
7%
Falster
7%
Yamal
4%
Bolshevik
4%
Two largest islands in ^Itirup
4%
Chios
4%
Muhu
4%
Dobruja
0%
Sea east of the aboveEast Siberian
0%
Paijanne
0%
Kotelny
0%
Andros
0%
Thassos
0%
Karpathos
0%
Komsomolets
0%

Score Distribution

Percentile by Number Answered

Percent of People with Each Score

Your Score History

You have not taken this quiz since the last reset